000
00326nam a2200133Ia 4500
008
240624s9999 xx 000 0 und d
041
_a
eng
082
_a
658.15 LEA
100
_a
LEADER MILES TYRONE
245
_a
IT S NOT YOUR FAULT
260
_c
2014
_a
Denver
_b
OutsKirts Press
300
_a
136 p.; 21 cm.
365
_c
_b
38
999
_c
29088
_d
29088